Marxismo y antropología / (Record no. 24016)

MARC details
000 -LEADER
campo de control de longitud fija 00617nam a2200205 i 4500
001 - NÚMERO DE CONTROL
campo de control 24016
003 - IDENTIFICADOR DE NÚMERO DE CONTROL
campo de control ES-MaACL
007 - CAMPO FIJO DE DESCRIPCIÓN FÍSICA--INFORMACIÓN GENERAL
campo de control de longitud fija t|
008 - DATOS DE LONGITUD FIJA--INFORMACIÓN GENERAL
campo de control de longitud fija 021213s1974 sp ||||1| spa d
100 1# - ENTRADA PRINCIPAL--NOMBRE DE PERSONA
Nombre de persona Andreani, Tony.
9 (RLIN) 21549
245 10 - MENCIÓN DEL TÍTULO
Título Marxismo y antropología /
Mención de responsabilidad, etc. Tony Andreani ; [traducción de Nuria Garreta y Ana Botana].
260 ## - PUBLICACIÓN, DISTRIBUCIÓN, ETC.
Lugar de publicación, distribución, etc. [Barcelona] :
Nombre del editor, distribuidor, etc. Anagrama,
Fecha de publicación, distribución, etc. [1974]
300 ## - DESCRIPCIÓN FÍSICA
Extensión 105 p. ;
Dimensiones 18 cm.
490 1# - MENCIÓN DE SERIE
Mención de serie Cuadernos Anagrama
700 1# - ENTRADA AGREGADA--NOMBRE PERSONAL
Nombre de persona Garreta, Nuria.
9 (RLIN) 55656
700 1# - ENTRADA AGREGADA--NOMBRE PERSONAL
Nombre de persona Botana, Ana.
9 (RLIN) 30736
830 0# - PUNTO DE ACCESO ADICIONAL DE SERIE-TÍTULO UNIFORME
Título uniforme Cuadernos Anagrama
9 (RLIN) 181159
852 ## - LOCALIZACIÓN
Ubicación ES-MaACL
Número de control de estantería E-6423
Sublocalización o colección R.90753
Holdings
Estatus retirado Estado de pérdida Estado de daño No para préstamo Biblioteca de origen Biblioteca actual Ubicación en estantería Fecha de adquisición Fuente de adquisición Total de préstamos Signatura topográfica completa Código de barras Visto por última vez Precio de reemplazo Tipo de ítem Koha
        Biblioteca del Ateneo de Madrid Biblioteca del Ateneo de Madrid Depósito 2 17/01/2008     E-6423 1024752 23/02/2023 23/02/2023 Libro impreso